LEADER 03955nam0 22004813i 450 001 BVEE014994 005 20170908093201.0 012 $aa-is e.o- s.o- tiSc (3) 1586 (R)$2fei$9vol. 1. 012 $aamb- t.a- o-r- FrBa (3) 1586 (R)$2fei$9vol. 2 100 $a20010604d1586 ||||0itac50 ba 101 | $alat 102 $ade 181 1$6z01$ai $bxxxe 182 1$6z01$an 200 1 $aPandectae triumphales, siue, Pomparum, et festorum ac solennium apparatuum, conuiuiorum, spectaculorum, simulacrorum bellicorum equestrium, et pedestrium; naumachiarum, ludorum denique omnium nobiliorum; ... tomi duo. Opus ... ordine digestum, à Francisco Modio I.C. Brugensi. ... Insertis suis locis scitissimis figuris: ... Cum familiarum omnium praecipuarum et in primis Germaniæ, Galliæ, Belgicæ, Italicæ, Poloniæ, Hungariæ, Boemiæ, Angliæ, & c. indicibus 210 $aFrancofurti ad Moenum$cimpens. Sigismundi Feyrabendij$d1586$eImpressum Francofurti ad Moenum$gapud Iohannem Feyrabend.$gimpensis Sigismundi Feyrabendij$h1586 215 $a2 v. ([6], 236$d264, [8] c., [1] c. di tav. doppia : ill. ; 2º 300 $aMarca di Johann Feyerabend (F01071) in fine del v. 2 300 $aCors. ; rom 300 $aSegn.: [ast]⁶a-3n⁴ ; χ², A-3Y⁴ 300 $aFront. del v. 1 stampato in rosso e nero. 314 $aTip.$9BVEV017028 314 $aEd.$9BVEV017571 316 $a1 v. (Sul front. timbro BR Neapolis)$5IT-NA0079, SALA FARN.58. E 38 316 $a1 esemplare (mutilo dell'ultima c.)$5IT-NA0079, SALA FARN.58. E 38 700 1$aModius$b, François$f <1556-1597>$3BVEV033184$4070$0743649 712 02$aFeyerabend, Johann$f <1573-1599>$3BVEV017028$4650 712 02$aFeyerabend, Sigmund$3BVEV017571$4650 791 02$aFeyrabend, Johann$3SBNV002251$zFeyerabend, Johann <1573-1599> 791 02$aFeyrabendt, Joannes$3SBNV002252$zFeyerabend, Johann <1573-1599> 791 02$aFeierabend, Johann$3SBNV002253$zFeyerabend, Johann <1573-1599> 791 02$aFeyrabend, Sigmund$3PUVV245959$zFeyerabend, Sigmund 791 02$aFeirabent, Sigismund$3SBNV005260$zFeyerabend, Sigmund 801 3$aIT$bIT-NA0079$c20010604 850 $aIT-NA0079 899 1$aBiblioteca Nazionale Vittorio Emanuele III$bNA0079$42 esemplari$eS$qS$uhttp://books.google.com/books?vid=IBNN:BN000597808 912 $aBVEE014994 921 $aBVEM001329$bIn cornice figurata: la Fama (una donna con le ali e la tromba). Nel nastro: Feyeraben. Iohane.$cF1071$dIn fine del vol. 2. 950 0$aBiblioteca Nazionale Vittorio Emanuele III$c1 v.$d BNSALA FARN.58. E 38$e BNA010014759345 B 1 v. (Sul front. timbro BR Neapolis)$fC $h20130610$i20130610$lSul front. timbro BR Neapolis$mTimbri storici della biblioteca proprietaria$b1 esemplare (mutilo dell'ultima c.)$c1 esemplare (mutilo dell'ultima c.)$d BNRACC.VILL.F 0132$e BN 0005978085G B 1 esemplare (mutilo dell'ultima c.)$fC $h20010201$i20010201 956 $aBiblioteca Nazionale Vittorio Emanuele III$b1$c$d$eBN 000597808$uhttp://books.google.com/books?vid=IBNN:BN000597808$z BNRACC.VILL.F 0132 977 $a BN 996 $aPandectae triumphales, siue, Pomparum, et festorum ac solennium apparatuum, conuiuiorum, spectaculorum, simulacrorum bellicorum equestrium, et pedestrium; naumachiarum, ludorum denique omnium nobiliorum; ... tomi duo. Opus ... ordine digestum, à Francisco Modio I.C. Brugensi. ... Insertis suis locis scitissimis figuris: ... Cum familiarum omnium praecipuarum et in primis Germaniæ, Galliæ, Belgicæ, Italicæ, Poloniæ, Hungariæ, Boemiæ, Angliæ, & c. indicibus$91479753 997 $aUNISANNIO